• 首页
  • 本馆介绍
  • 公告通知
  • 最新文献
  • 馆藏检索
  • 电子资源
  • 读者导购
  • 参考咨询
  • 我的图书馆
  • 登录
  • 详细信息显示
  • 放入我的书架
  • 随书关联资源信息
  • 预约/预借图书
  • 作者相关作品
  • 分类相关作品
  • 丛书相关作品
  • 出版社相关作品

书目信息

  • 表格格式
  • 工作单格式
  • 卡片格式
题名:
电脑免费升级手册
    
 
作者: 陈洪彬 , 陈玉芳 , 刘小亮 编著
分册:  
出版信息: 重庆   电脑报社  2002
页数: 210页
开本: 26cm
丛书名:
单 册:
中图分类: TP307
科图分类:
主题词: 电子计算机--检修 , 电子计算机--维修
电子资源:
ISBN:
000 00882nam0 2200277 45
001 0303120833
005 20041119082954.2
010    @dCNY
011    @a1007-7189@d18.00元(含1CD)
091    @aCN 55-9201/TP
100    @a20030312d2002 km y0chiy0120 ea
101 0  @achi
105    @ay z 000yy
200 1  @a电脑免费升级手册@ADian Nao Mian Fei Sheng Ji Shou Ce@e系统优化实用方案@EXi Tong You Hua Shi Yong Fang An@f陈洪彬,陈玉芳,刘小亮编著@FChen Hong Bin,Chen Yu Fang,Liu Xiao Liang Bian Zhu
210    @a重庆@c电脑报社@d2002
215    @a210页@d26cm@e1光盘
300    @a电脑报配套光盘
517    @a系统优化实用方案@AXi Tong You Hua Shi Yong Fang An
606 0  @a电子计算机@x检修
606 0  @a电子计算机@x维修
690    @aTP307@v4
701  0 @a陈洪彬@4编著
701  0 @a陈玉芳@4编著
701  0 @a刘小亮@4编著
801    @aCN@bTSTC@c20030312
905    @dTP307@e268
    
    电脑免费升级手册:系统优化实用方案/陈洪彬,陈玉芳,刘小亮编著.-重庆:电脑报社,2002
    210页;26cm+1光盘
    电脑报配套光盘
    
    ISBN :CNY
    
●
相关链接 在E读中查询图书 在五车中查询图书 在当当中查询图书 在豆瓣中查询图书


正题名:电脑免费升级手册     索取号:TP307/268         预约/预借

序号 登录号 条形码 馆藏地/架位号 状态 备注
1 0321195   203211951   第三借阅区/ [索取号:TP307/268] 在馆    
2 0321196   203211960   第三借阅区/ [索取号:TP307/268] 在馆    
3 0321197   203211979   第三借阅区/ [索取号:TP307/268] 在馆    
4 0321198   203211988   第三借阅区/ [索取号:TP307/268] 在馆    
5 0321199   203211997   第二样本阅览室/ [索取号:TP307/268] 在馆    

本书有关联资源:

1 .光盘  /ISO  :电脑免费升级手册 /陈洪彬,陈玉芳,刘小亮 下载
唐山师范学院图书馆 欢迎您!
大连网信软件有限公司© 版权所有